| 000 | 00497nam a2200157 i 4500 | ||
|---|---|---|---|
| 001 | 85119 | ||
| 003 | ES-MaACL | ||
| 005 | 20230906175202.0 | ||
| 007 | t| | ||
| 008 | 041125s1912 xxk ||||1| eng d | ||
| 100 | 1 |
_aJoshimoto, Jadasu. _966991 |
|
| 245 | 1 | 2 |
_aA peasant sage of Japan _b: the life and work of sontoku minomiya / _cJadasu Joshimoto ; translated from The Hotokuki. |
| 260 |
_aLondon : _bLongmans, Green and Co, _c1912. |
||
| 300 |
_aXV, 254 p. ; _c20 cm. |
||
| 852 |
_aES-MaACL _jC-1014 |
||
| 999 |
_c85119 _d85119 |
||